| 000 | 00946nam a2200265 i 4500 | ||
|---|---|---|---|
| 001 | 6994 | ||
| 003 | ES-MaACL | ||
| 005 | 20251207063030.0 | ||
| 007 | t| | ||
| 008 | 900720s1990 sp ||||1| spa d | ||
| 020 | _a84-7423-439-5 | ||
| 080 | _a92 Olivares, Conde-Duque de | ||
| 100 | 1 |
_aElliott, J. H., _d1930- _947042 |
|
| 245 | 1 | 3 |
_aEl Conde-Duque de Olivares _b: el politico en una epoca de decadencia / _cJ. H. Elliott ; traduccion castellana de Teofilo de Lozoya ; revision de Antonio Feros y el autor. |
| 250 | _a2a ed. | ||
| 260 |
_aBarcelona : _bCritica, _c1990. |
||
| 300 |
_a713 p. : _bil. ; _c24 cm. |
||
| 500 | _aIndice alfabetico. | ||
| 504 | _aBibliogr.: p. 660-679. | ||
| 600 | 1 | 4 |
_aOlivares, Gaspar de Guzmán, _cConde Duque de, _d1587-1645 _986766 |
| 700 | 1 |
_aLozoya, Teófilo de. _974479 |
|
| 700 | 1 |
_aFeros, Antonio. _950219 |
|
| 852 |
_aES-MaACL _jL-14262 _bR.118073 _z. - cart. |
||
| 999 |
_c6994 _d6994 |
||